[Event "Tournoi International du Pays de Charleroi 2018"]
[Site "Roux, Belgium"]
[Date "2018.08.02"]
[Round "7.32"]
[White "Kasparova, Tatiana"]
[Black "Dierckens, Sarah"]
[Result "1-0"]
[WhiteTitle "WFM"]
[WhiteElo "2090"]
[BlackElo "1783"]

1. e4 {[%clk 01:30:58]} e6 {[%clk 01:30:55]} {[%emt 00:00:06]} 2. d3 {[%clk
01:31:11]} {[%emt 00:00:18]} d5 {[%clk 01:31:14]} {[%emt 00:00:10]} 3. Nd2
{[%clk 01:31:36]} {[%emt 00:00:05]} c5 {[%clk 01:31:37]} {[%emt 00:00:07]} 4.
Ngf3 {[%clk 01:31:52]} {[%emt 00:00:14]} Nc6 {[%clk 01:31:15]} {[%emt
00:00:52]} 5. g3 {[%clk 01:32:11]} {[%emt 00:00:11]} g6 {[%clk 01:31:28]}
{[%emt 00:00:17]} 6. Bg2 {[%clk 01:32:32]} {[%emt 00:00:09]} Bg7 {[%clk
01:31:50]} {[%emt 00:00:08]} 7. O-O {[%clk 01:32:13]} {[%emt 00:00:50]} Nf6
{[%clk 01:31:22]} {[%emt 00:00:58]} 8. exd5 {[%clk 01:25:33]} {[%emt 00:07:09]}
Nxd5 {[%clk 01:30:59]} {[%emt 00:00:53]} 9. Ne4 {[%clk 01:24:03]} {[%emt
00:02:00]} b6 {[%clk 01:29:21]} {[%emt 00:02:08]} 10. Bg5 {[%clk 01:21:10]}
{[%emt 00:03:22]} f6 {[%clk 01:26:29]} {[%emt 00:03:23]} 11. Bd2 {[%clk
01:20:42]} {[%emt 00:00:59]} O-O {[%clk 01:26:20]} {[%emt 00:00:39]} 12. a3
{[%clk 01:19:09]} {[%emt 00:02:02]} f5 {[%clk 01:23:39]} {[%emt 00:03:11]} 13.
Nc3 {[%clk 01:19:27]} {[%emt 00:00:13]} Bb7 {[%clk 01:21:29]} {[%emt 00:02:40]}
14. Re1 {[%clk 01:14:18]} {[%emt 00:05:38]} Re8 {[%clk 01:16:20]} {[%emt
00:05:38]} 15. Qc1 {[%clk 01:11:13]} {[%emt 00:03:36]} Qd7 {[%clk 01:14:20]}
{[%emt 00:02:30]} 16. Ng5 {[%clk 01:08:03]} {[%emt 00:03:39]} Nd4 {[%clk
01:06:48]} {[%emt 00:08:03]} 17. Ne2 {[%clk 01:07:31]} {[%emt 00:01:03]} e5
{[%clk 00:54:30]} {[%emt 00:12:48]} 18. Nxd4 {[%clk 00:57:29]} {[%emt
00:10:32]} cxd4 {[%clk 00:54:28]} {[%emt 00:00:31]} 19. Nh3 {[%clk 00:55:38]}
{[%emt 00:02:21]} Rac8 {[%clk 00:52:46]} {[%emt 00:02:13]} 20. c4 {[%clk
00:54:11]} {[%emt 00:01:56]} dxc3 {[%clk 00:50:16]} {[%emt 00:03:00]} 21. bxc3
{[%clk 00:54:38]} {[%emt 00:00:04]} Nxc3 {[%clk 00:47:18]} {[%emt 00:03:28]} 22.
Bxc3 {[%clk 00:54:33]} {[%emt 00:00:34]} Bxg2 {[%clk 00:41:39]} {[%emt
00:06:08]} 23. Kxg2 {[%clk 00:54:55]} {[%emt 00:00:09]} e4 {[%clk 00:41:26]}
{[%emt 00:00:43]} 24. d4 {[%clk 00:53:10]} {[%emt 00:02:14]} Bxd4 {[%clk
00:33:56]} {[%emt 00:08:00]} 25. Re3 {[%clk 00:48:21]} {[%emt 00:05:20]} Red8
{[%clk 00:27:27]} {[%emt 00:07:00]} 26. Nf4 {[%clk 00:46:27]} {[%emt 00:02:24]}
Qb7 {[%clk 00:23:35]} {[%emt 00:04:21]} 27. Kg1 {[%clk 00:41:00]} {[%emt
00:05:56]} Rd7 {[%clk 00:16:29]} {[%emt 00:07:36]} 28. Qb2 {[%clk 00:39:27]}
{[%emt 00:02:04]} Bxe3 {[%clk 00:16:28]} {[%emt 00:00:31]} 29. Qb3+ {[%clk
00:38:19]} {[%emt 00:01:39]} Kf8 {[%clk 00:11:04]} {[%emt 00:05:53]} 30. fxe3
{[%clk 00:38:27]} {[%emt 00:00:22]} a5 {[%clk 00:09:54]} {[%emt 00:01:40]} 31.
Ne6+ {[%clk 00:36:54]} {[%emt 00:02:03]} Ke7 {[%clk 00:10:01]} {[%emt
00:00:23]} 32. Nf4 {[%clk 00:35:30]} {[%emt 00:01:54]} Rd6 {[%clk 00:09:06]}
{[%emt 00:01:24]} 33. Bxa5 {[%clk 00:34:30]} {[%emt 00:01:31]} g5 {[%clk
00:08:10]} {[%emt 00:01:26]} 34. Qb2 {[%clk 00:16:23]} {[%emt 00:18:37]} Rf6
{[%clk 00:05:47]} {[%emt 00:02:52]} 35. Bb4+ {[%clk 00:15:19]} {[%emt
00:01:35]} Kf7 {[%clk 00:06:02]} {[%emt 00:00:14]} 36. Qb3+ {[%clk 00:15:13]}
{[%emt 00:00:36]} Kg7 {[%clk 00:05:48]} {[%emt 00:00:44]} 37. Nh5+ {[%clk
00:15:36]} {[%emt 00:00:08]} Kg6 {[%clk 00:06:06]} {[%emt 00:00:13]} 38. Nxf6
{[%clk 00:16:00]} {[%emt 00:00:05]} Kxf6 {[%clk 00:06:34]} {[%emt 00:00:02]} 39.
Rd1 {[%clk 00:14:51]} {[%emt 00:01:39]} Qa6 {[%clk 00:06:16]} {[%emt 00:00:48]}
40. Rd6+ {[%clk 00:13:53]} {[%emt 00:01:27]} Kg7 {[%clk 00:06:27]} {[%emt
00:00:19]} 41. Rd7+ {[%clk 00:13:44]} {[%emt 00:00:40]} Kh6 {[%clk 00:06:06]}
{[%emt 00:00:50]} 42. Qe6 {[%clk 00:11:03]} {[%emt 00:03:12]} Kh5 {[%clk
00:04:44]} {[%emt 00:01:52]} 43. Rxh7 {[%clk 00:09:44]} {[%emt 00:01:49]} Kg4
{[%clk 00:05:08]} {[%emt 00:00:05]} 44. h3+ {[%clk 00:10:06]} {[%emt 00:00:08]}
Kxg3 {[%clk 00:05:16]} {[%emt 00:00:23]} 45. Bd6+ {[%clk 00:10:33]} {[%emt
00:00:03]} Kf3 {[%clk 00:05:36]} {[%emt 00:00:09]} 46. Qxf5+ {[%clk 00:10:59]}
{[%emt 00:00:05]} Kxe3 {[%clk 00:05:50]} {[%emt 00:00:16]} 47. Qf2+ {[%clk
00:11:24]} {[%emt 00:00:04]} Kd3 {[%clk 00:06:09]} {[%emt 00:00:11]} 48. Qf1+
{[%clk 00:11:47]} {[%emt 00:00:08]} 1-0

[Event "Tournoi International du Pays de Charleroi 2018"]
[Site "Roux, Belgium"]
[Date "2018.08.02"]
[Round "7.18"]
[White "Huynh, Laurent"]
[Black "Van Cappellen, Jonas"]
[Result "1-0"]
[WhiteElo "2071"]
[BlackElo "2202"]

1. e4 {[%clk 01:30:50]} {[%emt 00:00:10]} c5 {[%clk 01:30:54]} {[%emt
00:00:06]} 2. c4 {[%clk 01:31:16]} {[%emt 00:00:04]} e6 {[%clk 01:30:41]}
{[%emt 00:00:42]} 3. Nc3 {[%clk 01:31:29]} {[%emt 00:00:17]} d6 {[%clk
01:29:48]} {[%emt 00:01:25]} 4. g3 {[%clk 01:31:50]} {[%emt 00:00:06]} b6
{[%clk 01:28:08]} {[%emt 00:02:12]} 5. Bg2 {[%clk 01:31:15]} {[%emt 00:01:05]}
Bb7 {[%clk 01:28:29]} {[%emt 00:00:09]} 6. Nge2 {[%clk 01:31:28]} {[%emt
00:00:17]} Nf6 {[%clk 01:28:23]} {[%emt 00:00:35]} 7. O-O {[%clk 01:31:11]}
{[%emt 00:00:47]} a6 {[%clk 01:28:14]} {[%emt 00:00:39]} 8. d3 {[%clk
01:29:12]} {[%emt 00:02:29]} Qc7 {[%clk 01:25:24]} {[%emt 00:03:20]} 9. a3
{[%clk 01:27:43]} {[%emt 00:02:00]} Nc6 {[%clk 01:21:05]} {[%emt 00:04:48]} 10.
Rb1 {[%clk 01:27:09]} {[%emt 00:01:02]} Nd4 {[%clk 01:14:34]} {[%emt 00:07:03]}
11. b4 {[%clk 01:26:52]} {[%emt 00:00:48]} Nxe2+ {[%clk 01:14:11]} {[%emt
00:00:52]} 12. Qxe2 {[%clk 01:27:06]} {[%emt 00:00:16]} cxb4 {[%clk 01:08:24]}
{[%emt 00:06:18]} 13. axb4 {[%clk 01:27:24]} {[%emt 00:00:12]} b5 {[%clk
01:06:04]} {[%emt 00:02:50]} 14. Be3 {[%clk 01:24:25]} {[%emt 00:03:28]} bxc4
{[%clk 01:01:23]} {[%emt 00:05:12]} 15. dxc4 {[%clk 01:24:06]} {[%emt
00:00:50]} Rc8 {[%clk 00:57:59]} {[%emt 00:03:53]} 16. Rfc1 {[%clk 01:23:49]}
{[%emt 00:00:47]} Be7 {[%clk 00:46:20]} {[%emt 00:12:08]} 17. b5 {[%clk
01:23:08]} {[%emt 00:01:12]} O-O {[%clk 00:41:44]} {[%emt 00:05:04]} 18. c5
{[%clk 01:13:58]} {[%emt 00:09:42]} axb5 {[%clk 00:29:01]} {[%emt 00:13:13]} 19.
Nxb5 {[%clk 01:14:05]} {[%emt 00:00:23]} Ba6 {[%clk 00:18:18]} {[%emt
00:11:14]} 20. cxd6 {[%clk 01:14:24]} {[%emt 00:00:10]} Bxb5 {[%clk 00:17:27]}
{[%emt 00:01:21]} 21. Qxb5 {[%clk 01:14:45]} {[%emt 00:00:08]} Qxd6 {[%clk
00:14:16]} {[%emt 00:03:41]} 22. Rxc8 {[%clk 01:15:06]} {[%emt 00:00:10]} Rxc8
{[%clk 00:11:04]} {[%emt 00:03:42]} 23. e5 {[%clk 01:15:16]} {[%emt 00:00:20]}
Qd7 {[%clk 00:11:15]} {[%emt 00:00:18]} 24. exf6 {[%clk 01:15:38]} {[%emt
00:00:09]} Qxb5 {[%clk 00:11:40]} {[%emt 00:00:05]} 25. Rxb5 {[%clk 01:16:02]}
{[%emt 00:00:06]} Bxf6 {[%clk 00:12:03]} {[%emt 00:00:06]} 26. Be4 {[%clk
01:16:13]} {[%emt 00:00:19]} g6 {[%clk 00:09:06]} {[%emt 00:03:27]} 27. Bh6
{[%clk 01:16:21]} {[%emt 00:00:22]} Bg7 {[%clk 00:08:00]} {[%emt 00:01:37]} 28.
Bf4 {[%clk 01:16:05]} {[%emt 00:00:46]} h5 {[%clk 00:07:15]} {[%emt 00:01:14]}
29. Rb8 {[%clk 01:15:43]} {[%emt 00:00:52]} Rxb8 {[%clk 00:07:36]} {[%emt
00:00:10]} 30. Bxb8 {[%clk 01:16:11]} {[%emt 00:00:02]} g5 {[%clk 00:07:21]}
{[%emt 00:00:44]} 31. f4 {[%clk 01:15:37]} {[%emt 00:01:04]} gxf4 {[%clk
00:07:14]} {[%emt 00:00:37]} 32. Bxf4 {[%clk 01:16:02]} {[%emt 00:00:06]} f5
{[%clk 00:07:24]} {[%emt 00:00:20]} 33. Bf3 {[%clk 01:16:00]} {[%emt 00:00:32]}
h4 {[%clk 00:07:44]} {[%emt 00:00:09]} 34. gxh4 {[%clk 01:14:27]} {[%emt
00:02:04]} Kh7 {[%clk 00:06:57]} {[%emt 00:01:16]} 35. Bh5 {[%clk 01:14:25]}
{[%emt 00:00:32]} e5 {[%clk 00:06:14]} {[%emt 00:01:13]} 36. Bg5 {[%clk
01:14:50]} {[%emt 00:00:05]} e4 {[%clk 00:05:11]} {[%emt 00:01:33]} 37. Kg2
{[%clk 01:13:51]} {[%emt 00:01:29]} Be5 {[%clk 00:05:22]} {[%emt 00:00:19]} 38.
h3 {[%clk 01:13:51]} {[%emt 00:00:31]} Kg7 {[%clk 00:04:15]} {[%emt 00:01:37]}
39. Kf2 {[%clk 01:11:20]} {[%emt 00:03:01]} Bd4+ {[%clk 00:03:18]} {[%emt
00:01:27]} 40. Ke2 {[%clk 01:11:31]} {[%emt 00:00:19]} Kh7 {[%clk 00:00:49]}
{[%emt 00:02:59]} 41. Be8 {[%clk 01:11:55]} {[%emt 00:00:06]} Kg7 {[%clk
00:23:19]} {[%emt 00:08:00]} 42. h5 {[%clk 01:42:10]} {[%emt 00:00:15]} Be5
{[%clk 00:20:55]} {[%emt 00:02:54]} 43. Bg6 {[%clk 01:42:33]} {[%emt 00:00:07]}
Bf6 {[%clk 00:19:38]} {[%emt 00:01:46]} 44. h4 {[%clk 01:42:54]} {[%emt
00:00:09]} Bd4 {[%clk 00:19:18]} {[%emt 00:00:51]} 45. Bxf5 {[%clk 01:43:19]}
{[%emt 00:00:06]} e3 {[%clk 00:19:26]} {[%emt 00:00:20]} 46. Kd3 {[%clk
01:43:21]} {[%emt 00:00:27]} Bb2 {[%clk 00:18:29]} {[%emt 00:01:28]} 47. Kxe3
{[%clk 01:43:49]} {[%emt 00:00:03]} Ba1 {[%clk 00:18:49]} {[%emt 00:00:09]} 48.
Ke4 {[%clk 01:44:12]} {[%emt 00:00:07]} Bb2 {[%clk 00:19:13]} {[%emt 00:00:06]}
49. Kd5 {[%clk 01:44:38]} {[%emt 00:00:04]} Bc3 {[%clk 00:19:37]} {[%emt
00:00:05]} 50. Ke6 {[%clk 01:44:58]} {[%emt 00:00:11]} Bb2 {[%clk 00:19:57]}
{[%emt 00:00:09]} 51. h6+ {[%clk 01:45:21]} {[%emt 00:00:08]} Kh8 {[%clk
00:20:19]} {[%emt 00:00:06]} 52. Kf7 {[%clk 01:45:42]} {[%emt 00:00:10]} Bc3
{[%clk 00:20:27]} {[%emt 00:00:23]} 53. Be7 {[%clk 01:46:06]} {[%emt 00:00:06]}
1-0

[Event "Tournoi International du Pays de Charleroi 2018"]
[Site "Roux, Belgium"]
[Date "2018.08.02"]
[Round "7.11"]
[White "Hamblok, Roel"]
[Black "De Block, Yordi"]
[Result "1-0"]
[WhiteTitle "FM"]
[WhiteElo "2286"]
[BlackElo "2129"]

1. Nf3 {[%clk 01:30:40]} {[%emt 00:00:19]} Nf6 {[%clk 01:30:53]} {[%emt
00:00:07]} 2. c4 {[%clk 01:30:58]} {[%emt 00:00:12]} c6 {[%clk 01:31:18]}
{[%emt 00:00:06]} 3. Nc3 {[%clk 01:28:30]} {[%emt 00:02:58]} d5 {[%clk
01:31:38]} {[%emt 00:00:10]} 4. e3 {[%clk 01:26:39]} {[%emt 00:02:21]} g6
{[%clk 01:29:03]} {[%emt 00:03:06]} 5. d4 {[%clk 01:25:35]} {[%emt 00:01:33]}
Bg7 {[%clk 01:29:17]} {[%emt 00:00:16]} 6. Be2 {[%clk 01:23:10]} {[%emt
00:02:55]} O-O {[%clk 01:28:17]} {[%emt 00:01:30]} 7. O-O {[%clk 01:23:18]}
{[%emt 00:00:21]} Nbd7 {[%clk 01:23:00]} {[%emt 00:05:47]} 8. cxd5 {[%clk
01:18:50]} {[%emt 00:04:57]} cxd5 {[%clk 01:23:04]} {[%emt 00:00:26]} 9. Qb3
{[%clk 01:18:59]} {[%emt 00:00:21]} Nb6 {[%clk 01:20:06]} {[%emt 00:03:28]} 10.
a4 {[%clk 01:15:05]} {[%emt 00:04:24]} a5 {[%clk 01:13:48]} {[%emt 00:06:48]}
11. Bd2 {[%clk 01:10:19]} {[%emt 00:05:16]} Bd7 {[%clk 00:59:18]} {[%emt
00:15:00]} 12. Rfc1 {[%clk 01:03:34]} {[%emt 00:07:15]} Bc6 {[%clk 00:59:34]}
{[%emt 00:00:13]} 13. Ne5 {[%clk 00:50:15]} {[%emt 00:13:49]} Nfd7 {[%clk
00:52:17]} {[%emt 00:07:48]} 14. Nd3 {[%clk 00:48:12]} {[%emt 00:02:32]} Nc4
{[%clk 00:30:41]} {[%emt 00:22:06]} 15. Be1 {[%clk 00:47:52]} {[%emt 00:00:49]}
e5 {[%clk 00:29:37]} {[%emt 00:01:35]} 16. Nxe5 {[%clk 00:37:33]} {[%emt
00:10:49]} Ndxe5 {[%clk 00:20:07]} {[%emt 00:10:00]} 17. dxe5 {[%clk 00:37:50]}
{[%emt 00:00:13]} Bxe5 {[%clk 00:20:32]} {[%emt 00:00:05]} 18. Rd1 {[%clk
00:36:01]} {[%emt 00:02:19]} Rc8 {[%clk 00:04:33]} {[%emt 00:16:30]} 19. e4
{[%clk 00:30:41]} {[%emt 00:05:50]} Qe8 {[%clk 00:02:18]} {[%emt 00:02:45]} 20.
exd5 {[%clk 00:27:02]} {[%emt 00:04:08]} Bxc3 {[%clk 00:01:12]} {[%emt
00:01:36]} 21. Bxc4 {[%clk 00:26:33]} {[%emt 00:00:59]} Bxa4 {[%clk 00:00:46]}
{[%emt 00:00:57]} 22. Qxa4 {[%clk 00:26:53]} {[%emt 00:00:10]} 1-0

[ePGN "0.1;DGT LiveChess/2.1"]

[Event "Tournoi International du Pays de Charleroi 2018"]
[Site "Roux, Belgium"]
[Date "2018.08.03"]
[Round "8.13"]
[White "Wiley, Tom"]
[Black "Guion, Geoffrey"]
[Result "1-0"]
[WhiteElo "2207"]
[BlackElo "1988"]

1. d4 {[%clk 01:30:58]} {[%emt 00:00:01]} Nf6 {[%clk 01:30:54]} {[%emt
00:00:06]} 2. c4 {[%clk 01:31:25]} {[%emt 00:00:04]} g6 {[%clk 01:31:15]}
{[%emt 00:00:08]} 3. Nc3 {[%clk 01:31:51]} {[%emt 00:00:04]} Bg7 {[%clk
01:31:40]} {[%emt 00:00:04]} 4. e4 {[%clk 01:32:17]} {[%emt 00:00:05]} d6
{[%clk 01:32:06]} {[%emt 00:00:04]} 5. Nf3 {[%clk 01:32:43]} {[%emt 00:00:04]}
O-O {[%clk 01:32:30]} {[%emt 00:00:06]} 6. Be2 {[%clk 01:33:11]} {[%emt
00:00:03]} e5 {[%clk 01:32:53]} {[%emt 00:00:06]} 7. d5 {[%clk 01:33:38]}
{[%emt 00:00:04]} Na6 {[%clk 01:31:59]} {[%emt 00:01:23]} 8. Bg5 {[%clk
01:33:50]} {[%emt 00:00:18]} h6 {[%clk 01:30:55]} {[%emt 00:01:34]} 9. Bh4
{[%clk 01:34:07]} {[%emt 00:00:14]} g5 {[%clk 01:30:20]} {[%emt 00:01:04]} 10.
Bg3 {[%clk 01:33:39]} {[%emt 00:00:58]} Nxe4 {[%clk 01:29:49]} {[%emt
00:01:00]} 11. Nxe4 {[%clk 01:33:51]} {[%emt 00:00:19]} f5 {[%clk 01:30:14]}
{[%emt 00:00:05]} 12. Nc3 {[%clk 01:31:04]} {[%emt 00:03:18]} f4 {[%clk
01:19:51]} {[%emt 00:10:52]} 13. Nd2 {[%clk 01:30:45]} {[%emt 00:00:49]} Nc5
{[%clk 01:18:06]} {[%emt 00:02:15]} 14. b4 {[%clk 01:26:38]} {[%emt 00:04:37]}
e4 {[%clk 01:16:42]} {[%emt 00:01:53]} 15. Rc1 {[%clk 01:25:51]} {[%emt
00:01:17]} Bxc3 {[%clk 01:01:58]} {[%emt 00:20:55]} 16. bxc5 {[%clk 01:22:50]}
Bxd2+ {[%clk 00:54:35]} {[%emt 00:05:43]} 17. Qxd2 {[%clk 01:22:34]} {[%emt
00:00:46]} fxg3 {[%clk 00:54:18]} {[%emt 00:00:47]} 18. hxg3 {[%clk 01:22:32]}
{[%emt 00:00:32]} Qf6 {[%clk 00:53:18]} {[%emt 00:01:29]} 19. Qe3 {[%clk
01:21:43]} {[%emt 00:01:19]} dxc5 {[%clk 00:50:23]} {[%emt 00:03:25]} 20. Qxc5
{[%clk 01:21:07]} {[%emt 00:01:06]} Qb2 {[%clk 00:47:58]} {[%emt 00:02:55]} 21.
Qe3 {[%clk 01:19:05]} {[%emt 00:02:33]} Qb4+ {[%clk 00:45:38]} {[%emt
00:02:49]} 22. Qc3 {[%clk 01:18:07]} {[%emt 00:01:28]} Qxc3+ {[%clk 00:44:38]}
{[%emt 00:01:30]} 23. Rxc3 {[%clk 01:18:26]} {[%emt 00:00:11]} Kg7 {[%clk
00:44:39]} {[%emt 00:00:28]} 24. Bd1 {[%clk 01:18:20]} {[%emt 00:00:38]} Bf5
{[%clk 00:43:22]} {[%emt 00:01:45]} 25. Bc2 {[%clk 01:16:30]} {[%emt 00:02:20]}
Rae8 {[%clk 00:33:15]} {[%emt 00:10:37]} 26. Ke2 {[%clk 01:13:36]} {[%emt
00:03:25]} Re5 {[%clk 00:30:09]} {[%emt 00:03:36]} 27. Ke3 {[%clk 01:13:25]}
{[%emt 00:00:41]} Bg6 {[%clk 00:28:06]} {[%emt 00:02:33]} 28. Rd1 {[%clk
01:13:00]} {[%emt 00:00:56]} Rd8 {[%clk 00:26:22]} {[%emt 00:02:14]} 29. Rd4
{[%clk 01:12:18]} {[%emt 00:01:12]} Rde8 {[%clk 00:25:41]} {[%emt 00:01:11]} 30.
c5 {[%clk 01:11:42]} {[%emt 00:01:06]} Rd8 {[%clk 00:22:40]} {[%emt 00:03:31]}
31. d6 {[%clk 01:11:02]} {[%emt 00:01:10]} cxd6 {[%clk 00:20:02]} {[%emt
00:03:07]} 32. cxd6 {[%clk 01:11:02]} {[%emt 00:00:30]} Kf6 {[%clk 00:15:56]}
{[%emt 00:04:37]} 33. Rc7 {[%clk 01:10:30]} {[%emt 00:01:02]} Rb5 {[%clk
00:14:34]} {[%emt 00:01:52]} 34. d7 {[%clk 01:05:32]} {[%emt 00:05:28]} Ke7
{[%clk 00:08:49]} {[%emt 00:06:14]} 35. Ba4 {[%clk 00:58:30]} {[%emt 00:07:33]}
Rb6 {[%clk 00:07:24]} {[%emt 00:01:55]} 36. Rc8 {[%clk 00:52:58]} {[%emt
00:06:02]} Bf5 {[%clk 00:05:52]} {[%emt 00:02:01]} 37. g4 {[%clk 00:52:18]}
{[%emt 00:01:11]} Bxg4 {[%clk 00:05:14]} {[%emt 00:01:08]} 38. Rxe4+ {[%clk
00:50:56]} {[%emt 00:01:52]} Re6 {[%clk 00:04:46]} {[%emt 00:00:58]} 39. Rc7
{[%clk 00:51:00]} {[%emt 00:00:26]} Rxe4+ {[%clk 00:03:24]} {[%emt 00:01:52]}
40. Kxe4 {[%clk 00:51:21]} {[%emt 00:00:10]} Rb8 {[%clk 00:00:47]} {[%emt
00:03:07]} 41. Ke5 {[%clk 00:46:06]} {[%emt 00:05:44]} b5 {[%clk 00:27:49]}
{[%emt 00:03:27]} 42. Bb3 {[%clk 01:07:56]} {[%emt 00:08:41]} Bxd7 {[%clk
00:24:18]} {[%emt 00:03:59]} 43. Be6 {[%clk 01:07:46]} {[%emt 00:00:42]} Rd8
{[%clk 00:18:47]} {[%emt 00:06:01]} 44. Rxa7 {[%clk 01:08:00]} {[%emt
00:00:16]} Ke8 {[%clk 00:18:20]} {[%emt 00:00:56]} 45. Bxd7+ {[%clk 01:06:54]}
{[%emt 00:01:37]} Rxd7 {[%clk 00:18:34]} {[%emt 00:00:17]} 46. Rxd7 {[%clk
01:07:18]} Kxd7 {[%clk 00:18:34]} 47. Kf5 {[%clk 01:05:26]} {[%emt 00:02:32]}
Kd6 {[%clk 00:18:11]} {[%emt 00:01:18]} 48. Kg6 {[%clk 01:05:11]} {[%emt
00:00:45]} Kc5 {[%clk 00:17:04]} {[%emt 00:01:36]} 49. Kxh6 {[%clk 01:05:28]}
{[%emt 00:00:14]} Kb4 {[%clk 00:17:30]} {[%emt 00:00:04]} 50. Kxg5 {[%clk
01:05:53]} {[%emt 00:00:06]} Ka3 {[%clk 00:17:56]} {[%emt 00:00:04]} 51. f4
{[%clk 01:06:19]} {[%emt 00:00:04]} Kxa2 {[%clk 00:18:17]} {[%emt 00:00:08]} 52.
f5 {[%clk 01:06:46]} {[%emt 00:00:03]} b4 {[%clk 00:18:40]} {[%emt 00:00:07]}
53. f6 {[%clk 01:07:13]} {[%emt 00:00:03]} b3 {[%clk 00:18:59]} {[%emt
00:00:11]} 54. f7 {[%clk 01:07:40]} {[%emt 00:00:04]} b2 {[%clk 00:19:23]}
{[%emt 00:00:05]} 55. f8=Q {[%clk 01:08:04]} {[%emt 00:00:06]} b1=Q {[%clk
00:19:46]} {[%emt 00:00:07]} 56. Qa8+ {[%clk 01:08:30]} {[%emt 00:00:03]} 1-0